LEADER 00871nam a2200205 i 4500 001 000000217299 003 CaOOAMICUS 005 20121130000000.0 008 121130s1914 it u000 u ita u 013 $a196196 040 $aSeMil$bita 100 1 $aNegri, Luigi .$0(OLS)http://semarc/name/45118 245 13$aLa tradizione sulle origini della chiesa milanese /$cLuigi Negri. 260 $aMilano :$bTip. pont. ed arciv. S. Giuseppe,$c1914. 300 $a100 p. ;$c21 cm . 650 4$aMilano (Arcidiocesi) - Storia - Origini.$0(OLS)http://semarc/subject/40330 850 $aSeMil 852 $aSeMil$W1$xVenegono$y1$m3O II 98$j167713$B167713$CSeMilBibl$Z2$F178491 $81 996 $6245$aLa tradizione sulle origini della chiesa milanese$9(OLS)http://semarc/title/312230 996 $6260$aMilano :$bTip. pont. ed arciv. S. Giuseppe$9(OLS)http://semarc/publisher/50391 LEADER 01123nam a2200205 i 4500 001 000000235860 003 CaOOAMICUS 005 20141117000000.0 008 141117s1960 it u000 u ita u 013 $a214764 040 $aSeMil$bita 245 10$aAtti del 1. Convegno nazionale dei delegati regionali e diocesani dell'ACEC :$bper la celebrazione del decennio dell'Associazione, Roma 27-28 ottobre 1959 /$cAssociazione Cattolica Esergenti Cinema A C E C. 260 $aRoma :$bEdizioni dell'Ateneo,$cstampa 1960. 300 $a84 p., [1] p. di tav. ;$c25 cm. 650 4$aCinema - Morale cristiana.$0(OLS)http://semarc/subject/41900 700 1 $aAssociazione Cattolica Esergenti Cinema .$0(OLS)http://semarc/name/80587 850 $aSeMil 852 $aSeMil$W1$xVenegono$y1$m3M V 129$j186206$B186206$CSeMilBibl$Z2$F197077 $81 996 $6245$aAtti del 1. Convegno nazionale dei delegati regionali e diocesani dell'ACEC :$bper la celebrazione del decennio dell'Associazione, Roma 27-28 ottobre 1959$9(OLS)http://semarc/title/336137 996 $6260$aRoma :$bEdizioni dell'Ateneo$9(OLS)http://semarc/publisher/30989